000 01000cam a22002174a 4500
005 20250605163958.0
008 250528s ||||||||||||||||||||||||d
035 _a15535
020 _a75061823
040 _aGR-AtMCL
_bgre
_dGR-AtMCL
_eAACR2
245 1 _aManaging Quality / Published in Assosiation with the institute of Management
260 _bButterworth Heinemann,
_c1999
300 _a238
520 _aThis book is designed to provide the underpinning knowledge and understanding required for any competency-based management course. Quality as a Strategic Issue, Quality Management Systems, Determining the Capability for Quality, Design Control and Management, Control of Quality, Managing Quality Costs, The Organization of Quality, Teamwork for Quality, Training for Quality, Assessment of Quality, Bibliography, Index.
700 1 _aBell Desmond
_91487
700 1 _aMcbride Philip
_91488
700 1 _aWilson George
_91489
942 _cBK
999 _c1110
_d1110